| 000 | 00333 a2200145 4500 | ||
|---|---|---|---|
| 001 | 92617 | ||
| 020 | _a81-7409-060-6 | ||
| 082 | _a620.1123/SAD | ||
| 090 |
_c44524 _d44525 |
||
| 100 | _aDr. Sadhu Singh | ||
| 245 | _aTheory of Elasticity, 4 ed | ||
| 250 | _a4 | ||
| 260 |
_aNew Delhi _bKhanna _c2004 |
||
| 300 | _axx,718p. | ||
| 942 |
_aCAE NUST _cAE _k620.1123/SAD |
||
| 999 |
_c327690 _d327690 |
||